ბათუმის შოთა რუსთაველის სახელმწიფო უნივერსიტეტის ბიბლიოთეკა

მათემატიკური ანალიზის კურსი. ტ.I. სახელმძღვ. / (ბიბ.ჩანაწერი № 37713)

000 -ლიდერი
ფიქსირებული სიგრძის საკონტროლო ველი 01017nam a2200241Ia 4500
001 - საკონტროლო ნომერი
საკონტროლო ველი 3688
003 - საკონტროლო ნომრის იდენტიფიკატორი
საკონტროლო ველი GE_BSU
005 - ბოლო ოპერაციის თარიღი და დრო
საკონტროლო ველი 20190524180059.0
008 - ფიქსირებული სიგრძის მონაცემთა ელემენტები - ზოგადი ინფორმაცია
ფიქსირებული სიგრძის საკონტროლო ველი 181216s1963|||| |||||||||||||| ||geo||
040 ## - კატალოგიზაციის წყარო
Transcribing agency GE_BSU
041 ## - ენის კოდი
Language code of text/sound track or separate title geo
080 ## - უნივერსალური ათობითი კლასიფიკაციის ინდექსი
Universal Decimal Classification number 517(075.8) მ-15
245 ## - ცნობა სათაურის შესახებ
Title მათემატიკური ანალიზის კურსი. ტ.I. სახელმძღვ. /
Statement of responsibility, etc ა.ხარაძე ; ვ. ჭელიძე ; ბ.ხვედელიძე ; ი. ქარცივაძე ; რედ : ა. ხარაძე.
250 ## - გამოცემის ცნობა
Edition statement მე-3 გადამუშ. გამოც.
264 ## - წარმოების, გამოცემის, დისტრიბუციის და სხვა ცნობები
გამოცემის, წარმოების, დისტრიბუციის... ადგილი თბილისი :
გამოცემის, წარმოების, დისტრიბუციის... სახელწოდება ცოდნა,
გამოცემის, წარმოების, დისტრიბუციის... თარიღი 1963.
300 ## - ფიზიკური აღწერა
Extent 450 გვ .:
Dimensions 24 სმ.
653 ## - INDEX TERM--UNCONTROLLED
Uncontrolled term მათემატიკური ანალიზი.
700 ## - ADDED ENTRY--PERSONAL NAME
Personal name ხარაძე, ა
9 (RLIN) 1596
700 ## - ADDED ENTRY--PERSONAL NAME
Personal name ელიძე, ვ
9 (RLIN) 1597
700 ## - ADDED ENTRY--PERSONAL NAME
Personal name ხვედელიძე, ბ
9 (RLIN) 1598
700 ## - ADDED ENTRY--PERSONAL NAME
Personal name ქარცივაძე, ი
9 (RLIN) 1599
942 ## - ADDED ENTRY ELEMENTS (KOHA)
Koha item type წიგნი
Source of classification or shelving scheme
ეგზემპლარები
ჩამოწერის სტატუსი დაკარგული ეგზემპლარის სტატუსი კლასიფიკაციის წყარო ან თაროზე გაწყობის სქემა დაზიანების სტატუსი არ გაიცემა მუდმივი მდებარეობა (დაცვის ადგილი) ამჟამინდელი ადგილსამყოფელი თაროზე განთავსების ადგილი შეძენის თარიღი ღირებულება, შესყიდვის ნორმალური ფასი სრული შენახვის შიფრი შტრიხკოდი ბოლო ოპერაციის თარიღი ეგზემპლარის მიმდევრობითი ნომერი (კეტერი?) ფასის ძალაში შესვლის თარიღი ეგზემპლარის სახეობა საჯარო შენიშვნა
          ტექნოლოგიური ფაკულტეტის ბიბლიოთეკა ტექნოლოგიური ფაკულტეტის ბიბლიოთეკა წიგნსაცავი 2018-12-17 1.00 517(075.8) მ-15 9028 2018-12-17 9028 2018-12-17 წიგნი 1 ლ. 86 თ.
          ტექნოლოგიური ფაკულტეტის ბიბლიოთეკა ტექნოლოგიური ფაკულტეტის ბიბლიოთეკა წიგნის კალათა 2018-12-17 1.00 517(075.8) მ-15 9029 2018-12-17 9029 2018-12-17 წიგნი 1 ლ. 86 თ.
          ტექნოლოგიური ფაკულტეტის ბიბლიოთეკა ტექნოლოგიური ფაკულტეტის ბიბლიოთეკა წიგნსაცავი 2018-12-17 1.00 517(075.8) მ-15 9030 2018-12-17 9030 2018-12-17 წიგნი 1 ლ. 86 თ.